000 00392nam a22001457a 4500
003 OSt
005 20250808155727.0
008 250808b |||||||| |||| 00| 0 eng d
040 _c
082 _22
_a511.3
_bKUM
245 _aDiscrete structures and graph theory-computer Engineering sem III
_cKumbhojkar,G.V
250 _a2
260 _bP.Jamnadas
_c2021
942 _2ddc
_cBK
_e2
_k511.3
_mKUM
_n0
999 _c36235
_d36235